LEADER 02870nam 22006734a 450 001 9910143303903321 005 20170816142738.0 010 $a1-280-19722-6 010 $a9786610197224 010 $a0-470-76190-3 010 $a0-470-75079-0 010 $a1-4051-4618-4 035 $a(CKB)1000000000341897 035 $a(EBL)233014 035 $a(OCoLC)437146398 035 $a(SSID)ssj0000133953 035 $a(PQKBManifestationID)11158818 035 $a(PQKBTitleCode)TC0000133953 035 $a(PQKBWorkID)10054760 035 $a(PQKB)10906731 035 $a(MiAaPQ)EBC233014 035 $a(EXLCZ)991000000000341897 100 $a20040512d2004 uy 0 101 0 $aeng 135 $aur|n|---||||| 181 $ctxt 182 $cc 183 $acr 200 10$aCurrent indications for the implantable cardioverter defibrillator$b[electronic resource] /$fby Dirk Bo?cker, Lars Eckardt, Gu?nter Breithardt 210 $aMalden, Mass. $cBlackwell Futura$dc2004 215 $a1 online resource (102 p.) 225 1 $aClinical approaches to tachyarrhythmias ;$vv. 18 300 $aDescription based upon print version of record. 311 $a1-4051-2779-1 320 $aIncludes bibliographical references and index. 327 $aEvolution of guidelines for defibrillator therapy -- Background of ICD therapy -- Current indications for ICD therapy -- Legal implications of defibrillator guidelines. 330 $aIn this book, well-known physicians, Bocker, Eckardt and Breithardt have put together a succinct and focused book that compliments the CATA Series well. Implantation of defibrillators has evolved dramatically since its introduction by Mirowski in 1980. Technological improvements in devices and leads included a gradual reduction in the size of the device, the introduction of the endocardial approach in 1988, the biphasic waveform and antitachycardia pacing in 1991, pectoral implantation in 1995, inclusion of DDD pacing in 1996 and the delivery of atrial therapies in 1998. Since the first 410 0$aClinical approaches to tachyarrhythmias ;$vv. 18. 606 $aCardiovascular instruments, Implanted 606 $aHeart$xSurgery 606 $aDefibrillators 606 $aArrhythmia$xTreatment 608 $aElectronic books. 615 0$aCardiovascular instruments, Implanted. 615 0$aHeart$xSurgery. 615 0$aDefibrillators. 615 0$aArrhythmia$xTreatment. 676 $a617.412059 676 $a617.4120592 700 $aBo?cker$b Dirk$0967994 701 $aEckardt$b Lars$0967995 701 $aBreithardt$b Gu?nter$0967996 801 0$bMiAaPQ 801 1$bMiAaPQ 801 2$bMiAaPQ 906 $aBOOK 912 $a9910143303903321 996 $aCurrent indications for the implantable cardioverter defibrillator$92198450 997 $aUNINA LEADER 04904nam 22006375 450 001 9910337900803321 005 20251113202725.0 010 $a3-319-94917-9 024 7 $a10.1007/978-3-319-94917-8 035 $a(CKB)4100000005679156 035 $a(DE-He213)978-3-319-94917-8 035 $a(MiAaPQ)EBC5493029 035 $a(PPN)22991571X 035 $a(EXLCZ)994100000005679156 100 $a20180813d2019 u| 0 101 0 $aeng 135 $aurnn|008mamaa 181 $ctxt$2rdacontent 182 $cc$2rdamedia 183 $acr$2rdacarrier 200 10$aHuman Ecology of Climate Change Hazards in Vietnam $eRisks for Nature and Humans in Lowland and Upland Areas /$fby An Thinh Nguyen, Luc Hens 205 $a1st ed. 2019. 210 1$aCham :$cSpringer International Publishing :$cImprint: Springer,$d2019. 215 $a1 online resource (XXIII, 174 p. 60 illus., 51 illus. in color.) 225 1 $aSpringer Climate,$x2352-0701 311 08$a3-319-94916-0 327 $aPart 1. Background -- Chapter 1. Human Ecology of Climate Change Hazards: Concepts, Literature Review and Methodology -- Chapter 2. Climate change associated hazards, impacts and vulnerability at regional level -- Part 2. Risks for nature and human in lowland -- Chapter 3. Climate Change Hazards and Migration along the Ky Anh coast -- Chapter 4. Gross Costs and Impact on Local Livelihood Capitals of Tropical Storms along the Ky Anh Coast -- Chapter 5. Climate change adaptation of local communities along heavily damaged coasts -- Part 3. Risks for nature and humans in upland -- Chapter 6. Impacts and damage of climate change hazards in the Van Chan Mountain -- Chapter 7. Comparing local and immigrant household preparedness for natural hazards in the Van Chan mountain -- Part 4. Policy implications -- Chapter 8. Building Resilient Landscapes and Green Cities along the Coast and in the Upland of Vietnam. . 330 $aThis book analyzes climate change associated effects in the mountainous and coastal environments of Vietnam. The scope of the book allows international comparisons to be made between these two affected areas and other similarly affected locations under constant environmental pressure. Frequent and intense climate change hazards are described, along with a wider context of integrated interpretations, socioeconomic implications and policy responses. The book reports on original research combining methodologies from the natural sciences with approaches in human sciences, providing an interdisciplinary human ecological context to analyze similar situations worldwide. The book is structured in four parts. The first part offers background information, and details the human ecological framework. The geography of the analyzed regions is discussed to reflect the environmental and socioeconomic context of Vietnam's coasts and mountains. The second part addresses the coast ofCentral Vietnam. The effects of tropical storms, floods, rising sea levels and coastal erosion in Ky Anh are studied to highlight the impacts on the local population and its development perspectives. The third part focuses on the uplands of Northern Vietnam. The effects of cyclones, heavy rains, floods, flash floods, and landslides in the Van Chan Mountains are studied to compare the biophysical and socioeconomic impacts. Part four makes policy recommendations in building resilient landscapes and green cities, and discusses the potential implications of findings for practice in Vietnam. The book addresses a wide array of researchers, geography and economics students, consultants and decision makers interested in the actual status and the likely developments on the physical, socioeconomic and mitigation and adaptation attitudes and policies of climate change associated effects. . 410 0$aSpringer Climate,$x2352-0701 606 $aEcology 606 $aClimatology 606 $aEnvironmental sciences$xSocial aspects 606 $aPhysical geography 606 $aNatural disasters 606 $aEnvironmental Sciences 606 $aClimate Sciences 606 $aEnvironmental Social Sciences 606 $aPhysical Geography 606 $aNatural Hazards 615 0$aEcology. 615 0$aClimatology. 615 0$aEnvironmental sciences$xSocial aspects. 615 0$aPhysical geography. 615 0$aNatural disasters. 615 14$aEnvironmental Sciences. 615 24$aClimate Sciences. 615 24$aEnvironmental Social Sciences. 615 24$aPhysical Geography. 615 24$aNatural Hazards. 676 $a577.27 700 $aNguyen$b An Thinh$4aut$4http://id.loc.gov/vocabulary/relators/aut$0999992 702 $aHens$b Luc$4aut$4http://id.loc.gov/vocabulary/relators/aut 906 $aBOOK 912 $a9910337900803321 996 $aHuman Ecology of Climate Change Hazards in Vietnam$92295520 997 $aUNINA